• 首页
  • 本馆介绍
  • 公告通知
  • 最新文献
  • 馆藏检索
  • 电子资源
  • 读者导购
  • 参考咨询
  • 我的图书馆
  • 登录
  • 详细信息显示
  • 放入我的书架
  • 预约/预借图书
  • 作者相关作品
  • 分类相关作品
  • 丛书相关作品
  • 出版社相关作品

书目信息

  • 表格格式
  • 工作单格式
  • 卡片格式
题名:
奶制品 调味剂及婴幼儿食品养分数据参考指南
    
 
作者: 郑姗姗 , 南雪梅 , 熊本海 主编译
分册:  
出版信息: 北京   中国农业科学技术出版社  2017.08
页数: 384页
开本: 26cm
丛书名:
单 册:
中图分类: R151.3-62 , TS264-62 , R153.2-62 , TS264-62
科图分类:
主题词: 乳制品--食品营养--参数--指南 , 调味剂--食品营养--参数--指南 , 婴幼儿--食品营养--参数--指南 , 酿造--食品工业
电子资源:
ISBN: 978-7-5116-3219-7
000 01268nam0 2200313 450
001 1044
005 20180927133150.18
010    @a978-7-5116-3219-7@dCNY89.00
100    @a20171222d2017 em y0chiy50 ea
101 0  @achi
102    @aCN@b110000
105    @ak z 000yy
200 1  @a奶制品 调味剂及婴幼儿食品养分数据参考指南@9nai zhi pin tiao wei ji ji ying you er shi pin yang fen shu ju can kao zhi nan@f郑姗姗,南雪梅,熊本海主编译
210    @a北京@c中国农业科学技术出版社@d2017.08
215    @a384页@d26cm
330    @a本书主要收录了奶制品、调味剂及婴幼儿食品三大类食物的营养数据,包含的主要养分指标有四部分:第一部分为常规营养成分,如水分、能量、灰分等;第二部分为微量元素,如钙、铁、镁等;第三部分是维生素,包括维生素C、B族维生素等;第四部分是脂肪酸类及食品的质量和计量方式等。
606 0  @a乳制品@x食品营养@x参数@j指南
606 0  @a调味剂@x食品营养@x参数@j指南
606 0  @a婴幼儿@x食品营养@x参数@j指南
606 0  @a酿造@x食品工业
690    @aR151.3-62@v5
690    @aTS264-62@v5
690    @aR153.2-62@v5
690    @aTS264-62@v4
701  0 @a郑姗姗@9zheng shan shan@4主编译
701  0 @a南雪梅@9nan xue mei@4主编译
701  0 @a熊本海@9xiong ben hai@4主编译
801  0 @aCN@b91MARC@c20171222
905    @aMuseLib@dTS264-62@e274
    
    奶制品 调味剂及婴幼儿食品养分数据参考指南/郑姗姗,南雪梅,熊本海主编译.-北京:中国农业科学技术出版社,2017.08
    384页;26cm
    
    
    ISBN 978-7-5116-3219-7:CNY89.00
    本书主要收录了奶制品、调味剂及婴幼儿食品三大类食物的营养数据,包含的主要养分指标有四部分:第一部分为常规营养成分,如水分、能量、灰分等;第二部分为微量元素,如钙、铁、镁等;第三部分是维生素,包括维生素C、B族维生素等;第四部分是脂肪酸类及食品的质量和计量方式等。
●
相关链接 在E读中查询图书 在五车中查询图书 在当当中查询图书 在豆瓣中查询图书


正题名:奶制品 调味剂及婴幼儿食品养分数据参考指南     索取号:TS264-62/274         预约/预借

序号 登录号 条形码 馆藏地/架位号 状态 备注
1 1120899   211208995   第二样本阅览室/ [索取号:TS264-62/274] 在馆    
2 1120900   211209002   密集书库-生命科学系/ [索取号:TS264-62/274] 在馆    
3 1120901   211209011   第三借阅区/ [索取号:TS264-62/274] 在馆    
4 1120902   211209020   第三借阅区/ [索取号:TS264-62/274] 在馆    
5 1120903   211209039   第三借阅区/ [索取号:TS264-62/274] 在馆    
唐山师范学院图书馆 欢迎您!
大连网信软件有限公司© 版权所有